| 000 | 00564nam a2200181Ia 4500 | ||
|---|---|---|---|
| 001 | 19980 | ||
| 005 | 20260306172732.0 | ||
| 008 | 260306t1996||||xx |||||||||||||| ||spa|| | ||
| 041 | _aESP | ||
| 082 |
_a342.1 _bC76 |
||
| 100 |
_aComité Internacional de la Cruz Roja _eAUT |
||
| 245 | 0 |
_aDerecho internacional relativo a la conducción de las hostilidades: _bcompilación de convenios de la Haya y de algunos otros instrumentos jurídicos |
|
| 260 | _c1996 | ||
| 300 |
_a223 páginas : _c23 cm. |
||
| 650 | _aGEN | ||
| 654 | _aCDE | ||
| 942 |
_cLIB _dJUS _fJUS _2ddc _n |
||
| 999 |
_c19980 _d19980 |
||